Score 0/24 Timer 05:00
0 Plays Today
*AD Word % Correct
Kknead
91.9%
Nnomad
91.6%
Bballad
91.1%
Qquad
90.1%
TTrinidad
88.5%
OOlympiad
87.7%
IIliad
87.7%
Llead
86.9%
Pplead
86.4%
Rrailroad
78.5%
Jjihad
77.7%
Uundead
77%
*AD Word % Correct
SSinbad
75.4%
GGalahad
72.5%
Aabroad
67.4%
Mmyriad
64.8%
Ccrawdad
62.8%
Ddryad
44%
Ffarad
39%
HHyderabad
30.8%
VVolstead
23.7%
Wwoad
16.5%
Yyad
13.8%
Eennead
11.4%

You're not logged in!

Compare scores with friends on all Sporcle quizzes.
OR
Log In

Sporcle TV

Today on Sporcle TV


Watch our educational content, quiz creation guides, and fun videos on Sporcle TV.

Show Comments

Extras

Top Quizzes Today


Score Distribution

Your Account Isn't Verified!

In order to create a playlist on Sporcle, you need to verify the email address you used during registration. Go to your Sporcle Settings to finish the process.

Report this User

Report this user for behavior that violates our Community Guidelines.

Details: